01265nam0a22002411 4500001001500000005001700015035002600032100004100058101000800099102000700107105001800114200017200132210003500304215004500339311011600384488018100500488017800681700007700859801001800936801002200954801002700976852002001003v19\rc\129078320250618014028.0 a(NLR Aleph) 004438532 a20060306e18571855|||y0rusy50 ca0 arus aRU ab i |||||1 aОпыт статистического исследования о градах в Россииe(С доп. и поправками)f[Соч.] А.Н. Егунова a[Москва]dценз. 1857 a98 стб., [2] с., 2 л. карт.d30 aИз "Вестн. естеств. наук на 1855-56 г." 1855 г., № 13, с. 385-404; № 18, с. 562-586 012001#$aВестник естественных наук на 1855-56 г.$v1855, № 131215##$aC. 385-404 с.tВестник естественных наук на 1855-56 г. 012001#$aВестник естественных наук на 1855-56 г.$v1855, № 181215##$aС. 562-586tВестник естественных наук на 1855-56 г. 1aЕгуновbА.Н.f1824-1897gАлександр Николаевич 0aRUbNLRgpsbo 0aRUbRuMoRGB2psbo 1aRUbProSoft-M2rusmarc aNLRj18.13.1.42